000 01307nam0a22003371 4500
001 rc\2147467
005 20110829174032.5
035 _a(NLR Aleph) 006720225
090 _a5435557
_c5435557
100 _a20110829d1979 |||y0rusy50 ca
101 1 _arus
_cspa
102 _aRU
105 _aa z |||a|
200 1 _aПьесы
_e[Пер. с исп.]
_fЛопе Де Вега
_g[Вступ. статья и примеч. Н.А. Модестовой, с. 5-24
_gХудож. В.М. Дозорец]
210 _aКиев
_cМистецтво
_d1979
215 _a294 с.
_cил.
_d21
225 1 _aШкольная библиотека
225 1 _aБиблиотечная серия
327 1 _aСодерж.: Фуэнте Овехуна; Собака на сене
464 0 _12001#$aФуэнте Овехуна$aСобака на сене
700 1 _6z01790
_aЛопе де Вега
_bФ.
_f1562-1635
_gФеликс
702 1 _aДозорец
_bВ. М.
_4440
702 1 _aМодестова
_bН. А.
_4570
790 1 _6z01700
_aВега Карпьо
_bЛ. Ф. де
_f1562-1635
_gЛопе Феликс де
801 0 _aRU
_bNLR
_gpsbo
801 1 _aRU
_bELAR
_2rusmarc
852 _aNLR
_j79-3/4495
899 _aRuMoRGB
_jM 79-10/204
899 _aRuMoRGB
_jM 79-10/205
942 _cBOOK
980 _aNB